Europe Without the Euro Minefield Quiz Stats

 Plays Quiz Updated Feb 13, 2019

Support Sporcle.
Go Orange.
Score 0/23 Timer 06:00
0 Plays Today
Still safe? Country % Correct
Yes???
80.3%
Yes???
50.2%
Yes???
49.7%
Yes???
44.7%
Yes???
41.9%
Yes???
36.3%
Yes???
35.5%
Yes???
33.1%
Yes???
30.8%
Yes???
29.1%
Yes???
28.8%
Yes???
25.7%
Still safe? Country % Correct
Yes???
25.4%
Yes???
25.2%
Yes???
23.9%
Yes???
23.5%
Yes???
23.3%
Yes???
20.5%
Yes???
20%
Yes???
19.8%
Yes???
18.9%
Yes???
11.3%
Mine???
6.4%

You're not logged in!

Compare scores with friends on all Sporcle quizzes.
OR
Log In
Forgot?

From the Vault

Movie Posters XIV

by SporcleEXP

Movies 6m
We seriously considered photoshopping Batfleck into all these posters, but we're not completely evil.
Remove Ads.
Support Sporcle.
Get the best of Sporcle when you Go Orange. This ad-free experience offers more features, more stats, and more fun while also helping to support Sporcle. Thank you for becoming a member.

Show Comments

Extras

Top Quizzes Today


Score Distribution

Your Account Isn't Verified!

In order to create a playlist on Sporcle, you need to verify the email address you used during registration. Go to your Sporcle Settings to finish the process.

Report this User

Report this user for behavior that violates our Community Guidelines.

Details: